[Event "FIDE Olympiad Disabilties 2020"]
[Site "Online"]
[Date "2020.11.21"]
[Round "3.28"]
[White "Inal, Ahmet Taha"]
[Black "Funes Arroyo, Carlos Alberto"]
[Result "1-0"]
[WhiteElo "1206"]
[BlackElo "1636"]
[Annotator "NA"]
[PlyCount "105"]
[EventDate "2020.11.21"]
[EventType "team-tourn"]
[EventCountry "NET"]
[SourceTitle "playchess.com"]
[Source "ChessBase"]
[SourceQuality "1"]
[WhiteTeam "Turkey"]
[BlackTeam "Spain"]
[WhiteTeamCountry "TUR"]
[BlackTeamCountry "ESP"]

1. c4 Nf6 2. d4 g6 3. Nc3 c6 4. e4 d6 5. Bd3 Bg7 6. Nf3 O-O 7. O-O Bg4 8. h3 Be6 9. d5 cxd5 10. cxd5 Bc8 11. Be3 Nbd7 12. Rc1 Ne5 13. Nxe5 dxe5 14. Nb5 Bd7 15. Nxa7 e6 16. Qb3 b5 17. Nxb5 Rb8 18. a4 exd5 19. exd5 e4 20. Bc4 Be8 21. Bc5 Nd7 22. Bd6 Rb6 23. Bxf8 Bxf8 24. a5 Nc5 25. Qe3 Rf6 26. Qd4 Bd7 27. b4 Na6 28. Qxe4 Nxb4 29. d6 Bf5 30. Bxf7+ Kxf7 31. Qxb4 Bxd6 32. Nxd6+ Rxd6 33. Qc4+ Be6 34. Qc7+ Rd7 35. Qf4+ Qf6 36. Qxf6+ Kxf6 37. Rfd1 Ra7 38. Rc5 h5 39. Rd6 Ke7 40. Rcc6 Bd7 41. Rxg6 Be8 42. Rg7+ Bf7 43. a6 h4 44. Rb6 Kf8 45. Rh7 Kg8 46. Rxh4 Bd5 47. Rd4 Bf7 48. Ra4 Be8 49. Rb7 Ra8 50. a7 Bxa4 51. Rb8+ Rxb8 52. axb8=Q+ Kf7 53. Qa7+ 1-0

[Event "FIDE Olympiad Disabilties 2020"]
[Site "Online"]
[Date "2020.11.21"]
[Round "4.1"]
[White "Nowak, Lukasz"]
[Black "Kishan, Gangolli"]
[Result "1-0"]
[WhiteElo "2265"]
[BlackElo "2128"]
[Annotator "ChessBase"]
[PlyCount "89"]
[EventDate "2020.11.21"]
[EventType "team-tourn"]
[EventCountry "NET"]
[SourceTitle "playchess.com"]
[Source "ChessBase"]
[SourceQuality "1"]
[WhiteTeam "Poland"]
[BlackTeam "India"]
[WhiteTeamCountry "POL"]
[BlackTeamCountry "IND"]

1. c4 e6 2. g3 d5 3. Bg2 Nf6 4. Nf3 dxc4 5. Qa4+ Bd7 6. Qxc4 c5 7. Ne5 Qc8 8. Qd3 Nc6 9. Nxd7 Nxd7 10. Nc3 Be7 11. b3 O-O 12. Bb2 Rd8 13. Rc1 Nf6 14. Qb1 Qd7 15. d3 Rac8 16. O-O Nd4 17. Rfd1 b6 18. e3 Nc6 19. a3 a6 20. Na4 Qa7 21. b4 Nb8 22. bxc5 b5 23. Bxf6 gxf6 24. Nc3 Rxc5 25. Qb2 Rdc8 26. Ne2 Rxc1 27. Rxc1 Rxc1+ 28. Qxc1 Qc5 29. Qd1 Qxa3 30. Nf4 f5 31. e4 Qa4 32. Qc1 Nd7 33. exf5 exf5 34. Nd5 Qa3 35. Qc8+ Nf8 36. Qe8 Qa1+ 37. Bf1 Bc5 38. Qc8 Qd4 39. Qxf5 Ng6 40. Bg2 Kg7 41. Be4 Qe5 42. Qc8 Qa1+ 43. Kg2 Bd4 44. h4 Qb2 45. Qf5 1-0

[Event "FIDE Olympiad Disabilties 2020"]
[Site "Online"]
[Date "2020.11.21"]
[Round "4.1"]
[White "Shashikant, Kutwal"]
[Black "Molenda, Marcin"]
[Result "0-1"]
[WhiteElo "2182"]
[BlackElo "2349"]
[Annotator "TA"]
[PlyCount "128"]
[EventDate "2020.11.21"]
[EventType "team-tourn"]
[EventCountry "NET"]
[SourceTitle "playchess.com"]
[Source "ChessBase"]
[SourceQuality "1"]
[WhiteTeam "India"]
[BlackTeam "Poland"]
[WhiteTeamCountry "IND"]
[BlackTeamCountry "POL"]

1. e4 c5 2. Nf3 Nc6 3. Bb5 g6 4. Bxc6 dxc6 5. d3 Bg7 6. h3 e5 7. Be3 b6 8. O-O Ne7 9. a4 O-O 10. a5 Be6 11. Ng5 Bd7 12. Nd2 h6 13. Ngf3 f5 14. Nc4 Qc7 15. axb6 axb6 16. Rxa8 Rxa8 17. b4 f4 18. Bc1 b5 19. Ncd2 cxb4 20. Bb2 c5 21. c3 bxc3 22. Bxc3 Be6 23. Qb1 b4 24. Bb2 Nc6 25. Rc1 Nd4 26. Bxd4 exd4 27. Nb3 Qb6 28. Nxc5 Bf7 29. Nb3 Ra3 30. Nfd2 f3 31. Nc4 Qe6 32. Nxa3 fxg2 33. Kxg2 bxa3 34. Nd2 a2 35. Qb8+ Kh7 36. Nc4 Qe7 37. Qb2 Qg5+ 38. Kf1 Be6 39. Ke2 Bxh3 40. Kd1 Qg1+ 41. Kc2 Qxf2+ 42. Kb3 Qf3 43. Qd2 h5 44. Nd6 Be6+ 45. Kb2 Qf8 46. Qh2 Qb8+ 47. Ka1 Qb3 48. Ne8 Qa3 49. Qc7 Bf7 50. Nxg7 Kxg7 51. e5 Qb3 52. Qd6 Bd5 53. Qe7+ Bf7 54. Qf6+ Kh7 55. Qe7 Kg8 56. Qd8+ Kh7 57. Qxd4 Qa3 58. Rf1 Be6 59. Qb2 Qxd3 60. Rc1 Qe3 61. Qc3 Qxc3+ 62. Rxc3 h4 63. Rc6 h3 64. Rc2 g5 0-1

[Event "FIDE Olympiad Disabilties 2020"]
[Site "Online"]
[Date "2020.11.21"]
[Round "4.1"]
[White "Choroszej, Aleksander"]
[Black "Jennitha, Anto K."]
[Result "0-1"]
[WhiteElo "2042"]
[BlackElo "2001"]
[Annotator "ChessBase"]
[PlyCount "66"]
[EventDate "2020.11.21"]
[EventType "team-tourn"]
[EventCountry "NET"]
[SourceTitle "playchess.com"]
[Source "ChessBase"]
[SourceQuality "1"]
[WhiteTeam "Poland"]
[BlackTeam "India"]
[WhiteTeamCountry "POL"]
[BlackTeamCountry "IND"]

1. d4 d5 2. c4 c6 3. Nc3 Nf6 4. Nf3 e6 5. e3 Nbd7 6. Qc2 Bd6 7. Bd3 O-O 8. O-O Qe7 9. e4 dxe4 10. Nxe4 Nxe4 11. Bxe4 f5 12. Bd3 Nf6 13. Re1 Qc7 14. h3 h6 15. Ne5 Bxe5 16. dxe5 Nd7 17. f4 Nc5 18. Be2 Rd8 19. Be3 Nd7 20. c5 Nf8 21. Rad1 Rd5 22. Bf3 Rxd1 23. Rxd1 Bd7 24. Qd2 Re8 25. b4 a5 26. a3 axb4 27. axb4 Ra8 28. Be2 Qb8 29. Bd4 Ra3 30. Bb2 Ra8 31. Bc4 Qe8 32. Kh2 Qh5 33. Qf2 Qxd1 0-1

[Event "FIDE Olympiad Disabilties 2020"]
[Site "Online"]
[Date "2020.11.21"]
[Round "4.1"]
[White "Naveen, Kumar A."]
[Black "Stolarczyk, Anna"]
[Result "1-0"]
[WhiteElo "2035"]
[BlackElo "1909"]
[Annotator "ChessBase"]
[PlyCount "53"]
[EventDate "2020.11.21"]
[EventType "team-tourn"]
[EventCountry "NET"]
[SourceTitle "playchess.com"]
[Source "ChessBase"]
[SourceQuality "1"]
[WhiteTeam "India"]
[BlackTeam "Poland"]
[WhiteTeamCountry "IND"]
[BlackTeamCountry "POL"]

1. d4 d5 2. c4 e6 3. Nc3 c6 4. e3 f5 5. Nf3 Nf6 6. Be2 Be7 7. O-O O-O 8. b3 Ne4 9. Bb2 Nd7 10. cxd5 exd5 11. Qc2 Bd6 12. g3 Qe7 13. Rae1 Ndf6 14. Bd3 f4 15. exf4 Bh3 16. Bxe4 Nxe4 17. Nxe4 dxe4 18. Rxe4 Qd7 19. Rfe1 Rae8 20. Ng5 Bf5 21. Qc4+ Kh8 22. Rxe8 Rxe8 23. Rxe8+ Qxe8 24. Nf7+ Kg8 25. Nxd6+ Qe6 26. Nxf5 Qxc4 27. bxc4 1-0

[Event "FIDE Olympiad Disabilties 2020"]
[Site "Online"]
[Date "2020.11.21"]
[Round "4.2"]
[White "Smirnov, Alexey"]
[Black "Glazar, Domagoj"]
[Result "1-0"]
[WhiteElo "2436"]
[BlackElo "2137"]
[Annotator "RC"]
[PlyCount "89"]
[EventDate "2020.11.21"]
[EventType "team-tourn"]
[EventCountry "NET"]
[SourceTitle "playchess.com"]
[Source "ChessBase"]
[SourceQuality "1"]
[WhiteTeam "Russia"]
[BlackTeam "Croatia"]
[WhiteTeamCountry "RUS"]
[BlackTeamCountry "CRO"]

1. d4 Nf6 2. c4 g6 3. Nc3 d5 4. cxd5 Nxd5 5. e4 Nxc3 6. bxc3 Bg7 7. Bc4 O-O 8. Ne2 c5 9. O-O Nc6 10. Be3 cxd4 11. cxd4 b6 12. Qd2 Na5 13. Bd5 Bb7 14. Bxb7 Nxb7 15. Rac1 Qd7 16. Qb4 Rac8 17. a4 Na5 18. h3 e6 19. Rfd1 Rxc1 20. Rxc1 Re8 21. Qb5 Qxb5 22. axb5 Bf8 23. Rc7 Re7 24. Rc8 Kg7 25. Bf4 Rd7 26. Be5+ f6 27. Bxf6+ Kxf6 28. Rxf8+ Kg7 29. Rc8 Nb3 30. f3 h5 31. Rc4 Na5 32. Rc3 Nb7 33. e5 Na5 34. Kf2 g5 35. Ke3 Kg6 36. Rc8 Rd5 37. Nc3 Rd7 38. Rg8+ Rg7 39. Rxg7+ Kxg7 40. Ne4 Nc4+ 41. Kd3 Na3 42. Nd6 h4 43. Kc3 Nb1+ 44. Kc2 Na3+ 45. Kb2 1-0

[Event "FIDE Olympiad Disabilties 2020"]
[Site "Online"]
[Date "2020.11.21"]
[Round "4.2"]
[White "Babarykin, Stanislav"]
[Black "Nestorovic, Vladimir"]
[Result "1-0"]
[WhiteElo "2387"]
[BlackElo "2203"]
[Annotator "RC"]
[PlyCount "53"]
[EventDate "2020.11.21"]
[EventType "team-tourn"]
[EventCountry "NET"]
[SourceTitle "playchess.com"]
[Source "ChessBase"]
[SourceQuality "1"]
[WhiteTeam "Russia"]
[BlackTeam "Croatia"]
[WhiteTeamCountry "RUS"]
[BlackTeamCountry "CRO"]

1. d4 f5 2. Bf4 Nf6 3. e3 g6 4. Nf3 Bg7 5. Nbd2 O-O 6. h3 e6 7. g4 d5 8. gxf5 exf5 9. h4 Be6 10. Bd3 Nbd7 11. Qe2 c5 12. c3 c4 13. Bc2 b5 14. Ng5 Re8 15. h5 Nxh5 16. Rxh5 gxh5 17. Nxe6 Rxe6 18. Bxf5 Rg6 19. O-O-O b4 20. cxb4 Nf8 21. Qxh5 Qb6 22. Bxg6 Rd8 23. Bf7+ Kh8 24. Rg1 h6 25. Rxg7 Kxg7 26. Be5+ Kh7 27. Nf3 1-0

[Event "FIDE Olympiad Disabilties 2020"]
[Site "Online"]
[Date "2020.11.21"]
[Round "4.2"]
[White "Bozinovic, Bogdan"]
[Black "Obodchuk, Andrei"]
[Result "0-1"]
[WhiteElo "2151"]
[BlackElo "2299"]
[Annotator "ChessBase"]
[PlyCount "110"]
[EventDate "2020.11.21"]
[EventType "team-tourn"]
[EventCountry "NET"]
[SourceTitle "playchess.com"]
[Source "ChessBase"]
[SourceQuality "1"]
[WhiteTeam "Croatia"]
[BlackTeam "Russia"]
[WhiteTeamCountry "CRO"]
[BlackTeamCountry "RUS"]

1. d4 Nf6 2. c4 g6 3. Nc3 Bg7 4. e4 d6 5. Nge2 O-O 6. Ng3 e5 7. d5 a5 8. Be2 Na6 9. h4 h5 10. Bg5 Qe8 11. Qd2 a4 12. O-O-O Nc5 13. f3 Nh7 14. Be3 Bd7 15. Nf1 f5 16. Qe1 Nf6 17. Nd2 b6 18. Kb1 fxe4 19. Ndxe4 Nfxe4 20. Nxe4 Bf5 21. Bd3 Nxd3 22. Rxd3 c5 23. Qd2 Qd7 24. Bg5 b5 25. Rc1 Rfb8 26. Qe2 Ra6 27. Rd2 Rab6 28. Ka1 bxc4 29. Rxc4 Rb4 30. Rdc2 Kh7 31. Bd2 Rxc4 32. Qxc4 a3 33. b3 Rf8 34. Bc1 Bxe4 35. Qxe4 Bh6 36. Bxa3 Rf4 37. Qe1 Qf7 38. Bc1 Rd4 39. Bxh6 Kxh6 40. Rd2 Qxd5 41. Qe3+ Kg7 42. Rxd4 cxd4 43. Qe4 Qe6 44. Kb2 d5 45. Qd3 Qf6 46. a4 Qxh4 47. Qd2 Qf6 48. Qd3 Qg5 49. Qc2 Qe3 50. a5 d3 51. Qc7+ Kh6 52. Qe7 Qd4+ 53. Ka3 d2 54. g3 e4 55. f4 d1=Q 0-1

[Event "FIDE Olympiad Disabilties 2020"]
[Site "Online"]
[Date "2020.11.21"]
[Round "4.2"]
[White "Vuljanic, Ana"]
[Black "Gerasimova, Svetlana"]
[Result "0-1"]
[WhiteElo "1581"]
[BlackElo "1916"]
[Annotator "ChessBase"]
[PlyCount "46"]
[EventDate "2020.11.21"]
[EventType "team-tourn"]
[EventCountry "NET"]
[SourceTitle "playchess.com"]
[Source "ChessBase"]
[SourceQuality "1"]
[WhiteTeam "Croatia"]
[BlackTeam "Russia"]
[WhiteTeamCountry "CRO"]
[BlackTeamCountry "RUS"]

1. d4 Nf6 2. c4 g6 3. Nc3 Bg7 4. e4 d6 5. f4 O-O 6. Nf3 Bg4 7. Be2 Nbd7 8. O-O c5 9. d5 a6 10. h3 Bxf3 11. Bxf3 Rb8 12. a4 b6 13. Qc2 Ne8 14. g4 Nc7 15. Bg2 b5 16. axb5 axb5 17. cxb5 Nxb5 18. Bd2 Nd4 19. Qd3 Rxb2 20. Ra7 c4 21. Qe3 Nc2 22. Qe2 Qb6+ 23. Qf2 Bd4 0-1

[Event "FIDE Olympiad Disabilties 2020"]
[Site "Online"]
[Date "2020.11.21"]
[Round "4.3"]
[White "Braun, Georg"]
[Black "Tuka, Oleg"]
[Result "1-0"]
[WhiteElo "2375"]
[BlackElo "2340"]
[Annotator "RC"]
[PlyCount "87"]
[EventDate "2020.11.21"]
[EventType "team-tourn"]
[EventCountry "NET"]
[SourceTitle "playchess.com"]
[Source "ChessBase"]
[SourceQuality "1"]
[WhiteTeam "Germany"]
[BlackTeam "Ukraine"]
[WhiteTeamCountry "GER"]
[BlackTeamCountry "UKR"]

1. e4 c5 2. Nf3 e6 3. d4 cxd4 4. Nxd4 a6 5. Bd3 Qc7 6. O-O b5 7. a4 b4 8. Nd2 Nc6 9. Nxc6 dxc6 10. a5 Bd6 11. h3 Ne7 12. Nc4 Bc5 13. e5 O-O 14. Qe2 Ng6 15. Be3 Bxe3 16. Qxe3 c5 17. Nd6 Bd7 18. f4 Ne7 19. Be4 Rad8 20. Qd3 Qa7 21. Kh1 h6 22. Qf3 Nf5 23. Bxf5 exf5 24. Qh5 Be6 25. Rad1 Qa8 26. Rf3 Kh7 27. Rfd3 g6 28. Qh4 f6 29. exf6 Rd7 30. f7 c4 31. Nxf5 Bxf5 32. Rxd7 Bxd7 33. Rxd7 Qe4 34. c3 bxc3 35. bxc3 g5 36. Qf2 gxf4 37. Kh2 Qf5 38. Rc7 Rxf7 39. Rxc4 Qxa5 40. Qf3 Qe5 41. Rc6 a5 42. Qd3+ Qf5 43. Qf3 Qe5 44. Ra6 1-0

[Event "FIDE Olympiad Disabilties 2020"]
[Site "Online"]
[Date "2020.11.21"]
[Round "4.3"]
[White "Becker, Michael"]
[Black "Grigorchuk, Sergey"]
[Result "1-0"]
[WhiteElo "2267"]
[BlackElo "2213"]
[Annotator "ChessBase"]
[PlyCount "79"]
[EventDate "2020.11.21"]
[EventType "team-tourn"]
[EventCountry "NET"]
[SourceTitle "playchess.com"]
[Source "ChessBase"]
[SourceQuality "1"]
[WhiteTeam "Germany"]
[BlackTeam "Ukraine"]
[WhiteTeamCountry "GER"]
[BlackTeamCountry "UKR"]

1. e4 e6 2. d3 d5 3. Qe2 Nf6 4. Nf3 Be7 5. g3 b5 6. Bg2 dxe4 7. dxe4 b4 8. Bf4 Ba6 9. Qd2 Nc6 10. Qxd8+ Rxd8 11. Nbd2 O-O 12. Bxc7 Rc8 13. Bf4 h6 14. h3 Bc5 15. Nb3 Nxe4 16. Nxc5 Nxc5 17. Bd6 Na4 18. Bxf8 Kxf8 19. O-O-O Ke7 20. Rhe1 Na5 21. Ne5 f6 22. Nd3 b3 23. axb3 Nxb3+ 24. Kb1 Nbc5 25. Nxc5 Nxc5 26. Rd2 Rb8 27. Re3 Bc4 28. Rc3 Rxb2+ 29. Kxb2 Na4+ 30. Ka3 Nxc3 31. Kb4 Bd5 32. Bxd5 Nxd5+ 33. Kc5 Nc3 34. Kc6 f5 35. Rd7+ Kf6 36. Rxa7 Ne4 37. c4 Nxf2 38. c5 Ne4 39. Ra3 e5 40. Kd5 1-0

[Event "FIDE Olympiad Disabilties 2020"]
[Site "Online"]
[Date "2020.11.21"]
[Round "4.3"]
[White "Kolpakov, Vladyslav"]
[Black "Eichstaedt, Mirko"]
[Result "1/2-1/2"]
[WhiteElo "2223"]
[BlackElo "2236"]
[Annotator "ChessBase"]
[PlyCount "64"]
[EventDate "2020.11.21"]
[EventType "team-tourn"]
[EventCountry "NET"]
[SourceTitle "playchess.com"]
[Source "ChessBase"]
[SourceQuality "1"]
[WhiteTeam "Ukraine"]
[BlackTeam "Germany"]
[WhiteTeamCountry "UKR"]
[BlackTeamCountry "GER"]

1. e4 e5 2. Nf3 Nc6 3. Bb5 a6 4. Ba4 Nf6 5. d4 Nxe4 6. Qe2 Nd6 7. dxe5 Nf5 8. Qe4 Nfe7 9. Bg5 d5 10. exd6 Qxd6 11. Nc3 Bf5 12. Bxe7 Qxe7 13. Qxe7+ Bxe7 14. Nd4 Bd7 15. Nxc6 bxc6 16. O-O-O O-O-O 17. Rd3 Kb7 18. Rhd1 Bf5 19. Rxd8 Rxd8 20. Rxd8 Bxd8 21. Bb3 Bg6 22. Ne2 Be7 23. Kd2 Bc5 24. f3 Kc8 25. Bc4 a5 26. Bd3 Kd7 27. Bxg6 hxg6 28. Kd3 Ke6 29. Nc3 Bg1 30. h3 Ke5 31. Ne4 Kf4 32. Ke2 Bb6 1/2-1/2

[Event "FIDE Olympiad Disabilties 2020"]
[Site "Online"]
[Date "2020.11.21"]
[Round "4.3"]
[White "Zarubinskaya, Irina"]
[Black "von Erichsen, Annegret"]
[Result "0-1"]
[WhiteElo "1747"]
[BlackElo "1998"]
[Annotator "ChessBase"]
[PlyCount "84"]
[EventDate "2020.11.21"]
[EventType "team-tourn"]
[EventCountry "NET"]
[SourceTitle "playchess.com"]
[Source "ChessBase"]
[SourceQuality "1"]
[WhiteTeam "Ukraine"]
[BlackTeam "Germany"]
[WhiteTeamCountry "UKR"]
[BlackTeamCountry "GER"]

1. e4 c5 2. Nf3 d6 3. d4 cxd4 4. Nxd4 Nf6 5. Nc3 a6 6. Be3 e6 7. Be2 Be7 8. O-O O-O 9. f4 Qc7 10. Bf3 Nc6 11. Nxc6 bxc6 12. Qe1 Rb8 13. b3 d5 14. e5 Nd7 15. Ne2 c5 16. Bf2 Bb7 17. Ng3 c4 18. Bd4 Bc5 19. Qe3 Rfc8 20. Kh1 Qb6 21. Rad1 cxb3 22. cxb3 Bxd4 23. Rxd4 Rc2 24. a3 Rbc8 25. h3 R2c3 26. Qf2 Rxb3 27. Rb4 Rxb4 28. axb4 Qxb4 29. f5 Qb6 30. Qa2 Nc5 31. fxe6 fxe6 32. Bh5 Rf8 33. Rxf8+ Kxf8 34. Qf2+ Ke7 35. Qf7+ Kd8 36. Qf8+ Kc7 37. Qxg7+ Kb8 38. Qxh7 d4 39. Qc2 d3 40. Qd2 Qb1+ 41. Kh2 Qc2 42. Qa5 Qxg2# 0-1

[Event "FIDE Olympiad Disabilties 2020"]
[Site "Online"]
[Date "2020.11.21"]
[Round "4.4"]
[White "Zilberman, Yaacov"]
[Black "Severino, Sander"]
[Result "0-1"]
[WhiteElo "2339"]
[BlackElo "2364"]
[Annotator "RC"]
[PlyCount "114"]
[EventDate "2020.11.21"]
[EventType "team-tourn"]
[EventCountry "NET"]
[SourceTitle "playchess.com"]
[Source "ChessBase"]
[SourceQuality "1"]
[WhiteTeam "Israel"]
[BlackTeam "Philippines"]
[WhiteTeamCountry "ISR"]
[BlackTeamCountry "PHI"]

1. d4 Nf6 2. Nf3 d5 3. c4 e6 4. Nc3 dxc4 5. Qa4+ Nbd7 6. e4 c5 7. d5 Qb6 8. dxe6 fxe6 9. Bxc4 h6 10. e5 Ng8 11. O-O Ne7 12. Rd1 Nf5 13. Bb5 Qc7 14. Bc4 Qb6 15. Bb5 Qc7 16. g4 Nd4 17. Nxd4 cxd4 18. Qxd4 a6 19. Bxd7+ Bxd7 20. Ne4 Bc6 21. Bf4 Be7 22. Nd6+ Bxd6 23. exd6 Qf7 24. Rd3 O-O 25. Be5 Qg6 26. Rg3 Rf7 27. Rc1 Raf8 28. f4 Bd5 29. b3 Bc6 30. Qe3 a5 31. a4 Bd5 32. h3 Bc6 33. Kh2 Bd5 34. Qd4 Bc6 35. Qe3 Bd5 36. Rgg1 Bc6 37. Rc3 Bd5 38. Rcc1 Bc6 39. Rcf1 Qh7 40. g5 hxg5 41. Rxg5 Qc2+ 42. Rf2 Qb1 43. Rg1 Qh7 44. Qd4 Rc8 45. Qe3 Bd5 46. Qg3 Rc2 47. Rgf1 Rxf2+ 48. Rxf2 Qb1 49. Qg1 Qxb3 50. Qa1 Qc4 51. Qd4 Qc1 52. Qa1 Qe3 53. Qd4 Qe1 54. Rc2 Qh1+ 55. Kg3 Qf3+ 56. Kh2 Kh7 57. Re2 Qxe2+ 0-1

[Event "FIDE Olympiad Disabilties 2020"]
[Site "Online"]
[Date "2020.11.21"]
[Round "4.4"]
[White "Shevelev, Arkady"]
[Black "Bernardo, Darry"]
[Result "0-1"]
[WhiteElo "2280"]
[BlackElo "2114"]
[Annotator "ChessBase"]
[PlyCount "160"]
[EventDate "2020.11.21"]
[EventType "team-tourn"]
[EventCountry "NET"]
[SourceTitle "playchess.com"]
[Source "ChessBase"]
[SourceQuality "1"]
[WhiteTeam "Israel"]
[BlackTeam "Philippines"]
[WhiteTeamCountry "ISR"]
[BlackTeamCountry "PHI"]

1. e4 c6 2. Nf3 d5 3. exd5 cxd5 4. d4 Nc6 5. Bf4 Bg4 6. c3 e6 7. Qb3 Bd6 8. Qxb7 Bxf4 9. Qxc6+ Kf8 10. Ne5 Bxe5 11. dxe5 Qb8 12. f4 Ne7 13. Qb5 Qc7 14. Qb4 Rb8 15. Qd6 Qxd6 16. exd6 Nc8 17. d7 Nd6 18. Nd2 Ke7 19. h3 Bf5 20. O-O-O h5 21. Nb3 Kxd7 22. Bd3 Bxd3 23. Rxd3 Rhc8 24. Re1 g6 25. Re2 Rc4 26. Rd4 Rxd4 27. Nxd4 Ne4 28. Nf3 f6 29. Nd2 Nc5 30. Re3 Rc8 31. Kb1 Kd6 32. Rg3 Rg8 33. Kc2 g5 34. fxg5 fxg5 35. Rf3 g4 36. hxg4 Rxg4 37. Rf2 h4 38. Nf3 Ne4 39. Re2 a5 40. Nd2 Ng3 41. Rf2 Nh1 42. Re2 Ng3 43. Rf2 Nf5 44. Nf1 Ra4 45. a3 Re4 46. Nd2 Rg4 47. Nf1 a4 48. Kd2 Re4 49. Rf3 Rg4 50. Rf2 Rg8 51. Ne3 Ng3 52. Rf7 Ne4+ 53. Ke2 Rb8 54. Nd1 Rg8 55. Ne3 Ng3+ 56. Kd3 Rb8 57. Nd1 Ne4 58. Rh7 Rf8 59. Rxh4 Rf1 60. Kc2 Rg1 61. Ne3 Re1 62. Kd3 Rb1 63. Kd4 Ng3 64. Rg4 Ne2+ 65. Kd3 Rxb2 66. Nc2 Nc1+ 67. Kd2 Nb3+ 68. Kd3 Nc5+ 69. Kd2 Ne4+ 70. Kc1 Rb3 71. Rg6 Rxc3 72. Kb2 Rb3+ 73. Kc1 Ke5 74. Rg8 d4 75. Rd8 d3 76. Nb4 d2+ 77. Kc2 Rc3+ 78. Kb2 Rb3+ 79. Kc2 Rxa3 80. Nd3+ Kf6 0-1

[Event "FIDE Olympiad Disabilties 2020"]
[Site "Online"]
[Date "2020.11.21"]
[Round "4.4"]
[White "Lopez, Henry"]
[Black "Gurbanov, Andrei"]
[Result "0-1"]
[WhiteElo "2107"]
[BlackElo "2289"]
[Annotator "ChessBase"]
[PlyCount "98"]
[EventDate "2020.11.21"]
[EventType "team-tourn"]
[EventCountry "NET"]
[SourceTitle "playchess.com"]
[Source "ChessBase"]
[SourceQuality "1"]
[WhiteTeam "Philippines"]
[BlackTeam "Israel"]
[WhiteTeamCountry "PHI"]
[BlackTeamCountry "ISR"]

1. d4 d5 2. Nf3 Nf6 3. c4 e6 4. Nc3 a6 5. cxd5 exd5 6. Bg5 Be7 7. e3 O-O 8. Bd3 Be6 9. O-O Nbd7 10. Rc1 h6 11. Bf4 c5 12. dxc5 Nxc5 13. Nd4 Qd7 14. Bb1 Rac8 15. Nxe6 fxe6 16. b4 Nce4 17. Nxe4 Nxe4 18. Rxc8 Qxc8 19. Bxe4 dxe4 20. Qg4 e5 21. Qxc8 Rxc8 22. Bxe5 Bxb4 23. g4 b5 24. Rb1 Be7 25. Rb2 Rc5 26. Bf4 Kf7 27. Kg2 Ke6 28. Rd2 Rc4 29. f3 exf3+ 30. Kxf3 Ra4 31. h3 Ra3 32. Ke4 Ra4+ 33. Kf3 g5 34. Bg3 Ra3 35. Ke4 Bc5 36. Bf2 Ra4+ 37. Kf3 Rc4 38. h4 gxh4 39. Bxh4 h5 40. Rg2 Ra4 41. Be1 hxg4+ 42. Rxg4 Rxa2 43. Rg6+ Kd5 44. e4+ Kc4 45. Rc6 b4 46. Bh4 b3 47. Be7 Ra5 48. Bxc5 Rxc5 49. Rxa6 b2 0-1

[Event "FIDE Olympiad Disabilties 2020"]
[Site "Online"]
[Date "2020.11.21"]
[Round "4.4"]
[White "Mendoza, Cheyzer Crystal J."]
[Black "Aleksandrova, Aleksandra"]
[Result "0-1"]
[WhiteElo "1639"]
[BlackElo "1780"]
[Annotator "NA"]
[PlyCount "76"]
[EventDate "2020.11.21"]
[EventType "team-tourn"]
[EventCountry "NET"]
[SourceTitle "playchess.com"]
[Source "ChessBase"]
[SourceQuality "1"]
[WhiteTeam "Philippines"]
[BlackTeam "Israel"]
[WhiteTeamCountry "PHI"]
[BlackTeamCountry "ISR"]

1. e4 d6 2. Nc3 c6 3. g3 Nd7 4. Bg2 e5 5. Nge2 Ngf6 6. O-O Be7 7. h3 a5 8. a4 h6 9. d3 Nh7 10. f4 exf4 11. gxf4 Bf6 12. Be3 O-O 13. Qd2 Re8 14. d4 Qe7 15. e5 d5 16. Ng3 Ndf8 17. Rae1 Bh4 18. Bf2 Qb4 19. f5 Qxb2 20. Kh2 Qb6 21. Be3 Qc7 22. Bf4 Bg5 23. Bxg5 hxg5 24. Qf2 f6 25. Nxd5 cxd5 26. Bxd5+ Kh8 27. e6 g6 28. fxg6 Nxg6 29. Be4 Nf4 30. d5 Ra6 31. Qd4 Rd6 32. Qf2 Bxe6 33. dxe6 Rdxe6 34. Bf5 Re5 35. Rxe5 Rxe5 36. Rd1 Rxf5 37. Qe3 Re5 38. Qa7 Qxc2+ 0-1

[Event "FIDE Olympiad Disabilties 2020"]
[Site "Online"]
[Date "2020.11.21"]
[Round "4.5"]
[White "Dukaczewski, Piotr"]
[Black "Pokotaiev, Vladyslav"]
[Result "1-0"]
[WhiteElo "2163"]
[BlackElo "1839"]
[Annotator "ChessBase"]
[PlyCount "77"]
[EventDate "2020.11.21"]
[EventType "team-tourn"]
[EventCountry "NET"]
[SourceTitle "playchess.com"]
[Source "ChessBase"]
[SourceQuality "1"]
[WhiteTeam "Poland"]
[BlackTeam "Ukraine"]
[WhiteTeamCountry "POL"]
[BlackTeamCountry "UKR"]

1. Nf3 d5 2. g3 Nf6 3. Bg2 c6 4. O-O Bg4 5. d3 Nbd7 6. Nbd2 e5 7. h3 Bh5 8. c4 Bd6 9. cxd5 cxd5 10. g4 Bg6 11. Nh4 O-O 12. Nxg6 hxg6 13. e3 Nc5 14. Qe2 e4 15. dxe4 Nfxe4 16. Nxe4 dxe4 17. b4 Na4 18. Qc2 Qf6 19. Bd2 Qe5 20. Rfd1 b5 21. Qxe4 Qh2+ 22. Kf1 Nb2 23. Rdc1 f5 24. Qe6+ Kh7 25. Rc6 Rf6 26. Qd5 fxg4 27. Bc3 Rxf2+ 28. Kxf2 Bg3+ 29. Ke2 Rf8 30. Bxb2 Rf2+ 31. Kd3 Rxg2 32. Bc3 Rg1 33. Rxg1 Qxg1 34. Qe6 Qd1+ 35. Ke4 Qf3+ 36. Kd4 Qf5 37. Qxf5 gxf5 38. hxg4 fxg4 39. Ke4 1-0

[Event "FIDE Olympiad Disabilties 2020"]
[Site "Online"]
[Date "2020.11.21"]
[Round "4.5"]
[White "Ovcharov, Taras"]
[Black "Stachanczyk, Jacek"]
[Result "1/2-1/2"]
[WhiteElo "2007"]
[BlackElo "2122"]
[Annotator "ChessBase"]
[PlyCount "90"]
[EventDate "2020.11.21"]
[EventType "team-tourn"]
[EventCountry "NET"]
[SourceTitle "playchess.com"]
[Source "ChessBase"]
[SourceQuality "1"]
[WhiteTeam "Ukraine"]
[BlackTeam "Poland"]
[WhiteTeamCountry "UKR"]
[BlackTeamCountry "POL"]

1. e4 c5 2. c3 Nf6 3. e5 Nd5 4. d4 cxd4 5. Nf3 Nc6 6. cxd4 d6 7. Bc4 e6 8. O-O Be7 9. Bd2 dxe5 10. dxe5 O-O 11. Nc3 Ndb4 12. Ne4 Nd3 13. Bc3 Nc5 14. Qe2 Na4 15. Rfd1 Nxc3 16. Nxc3 Qb6 17. a3 a6 18. b4 Qc7 19. Rac1 b5 20. Bd3 Bb7 21. Ne4 Rfd8 22. Nc5 Rac8 23. h3 Bxc5 24. Rxc5 Qe7 25. Rdc1 g6 26. Be4 Na7 27. Bxb7 Qxb7 28. Ng5 Rxc5 29. Rxc5 Rd5 30. Qc2 Rxc5 31. Qxc5 Nc6 32. Ne4 Ne7 33. Nf6+ Kg7 34. Ne8+ Kf8 35. Nd6 Qd5 36. Qb6 Qd1+ 37. Kh2 Qc1 38. Qd8+ Kg7 39. Ne8+ Kh6 40. g3 Qe1 41. Qxe7 Qxf2+ 42. Kh1 Qf1+ 43. Kh2 Qf2+ 44. Kh1 Qf1+ 45. Kh2 Qf2+ 1/2-1/2